| 000 | 01711cam a2200361 a 4500 | ||
|---|---|---|---|
| 001 | 17361479 | ||
| 003 | OSt | ||
| 005 | 20150408114220.0 | ||
| 008 | 120622s2013 moua f b 001 0 eng | ||
| 010 | _a 2012025727 | ||
| 020 | _a9781455745456 (pbk. : alk. paper) | ||
| 035 | _a(DNLM)101586852 | ||
| 040 |
_aDNLM/DLC _cDLC _dDLC |
||
| 042 | _apcc | ||
| 050 | 0 | 0 |
_aRA427.8 _b.L455 2013 |
| 060 | 1 | 0 | _aWS 103 |
| 082 | 0 | 0 |
_a613 LGG _223 |
| 100 | 1 |
_aLeifer, Gloria. _919872 |
|
| 245 | 1 | 0 |
_aGrowth and development across the lifespan : _ba health promotion focus / _cGloria Leifer, Eve Fleck. |
| 250 | _a2nd ed. | ||
| 260 |
_aSt. Louis, Mo. : _bElsevier, _cc2013. |
||
| 300 |
_axvi, 316 p. : _bill. (chiefly col.) ; _c23 cm. |
||
| 504 | _aIncludes bibliographical references (p. 276-298) and index. | ||
| 505 | 0 | _aHealthy people 2020 -- Government influences on health care -- Cultural considerations in health care -- The influence of family on developing a lifestyle -- Theories of development -- Prenatal influences on healthy development -- The infant -- Early childhood -- Middle childhood -- Adolescence -- Young adulthood -- Middle adulthood -- Late adulthood -- Advanced old-age and geriatrics -- Planning for the end of life -- Loss, grief, and bereavement. | |
| 650 | 1 | 2 |
_aHuman Development _vNurses' Instruction. _919873 |
| 650 | 2 | 2 |
_aHealth Education _xmethods _vNurses' Instruction. _919874 |
| 650 | 2 | 2 |
_aHealth Promotion _xmethods _vNurses' Instruction. _919875 |
| 650 | 2 | 2 |
_aPersonality Development _vNurses' Instruction. _919876 |
| 700 | 1 |
_aFleck, Eve. _945858 |
|
| 906 |
_a7 _bcbc _corignew _d1 _eecip _f20 _gy-gencatlg |
||
| 942 |
_2ddc _cBOOK |
||
| 999 |
_c35371 _d269871 |
||